Nada es verdad, todo esta permitido : (Registro nro. 35920)
[ vista simple ]
| 000 -CABECERA | |
|---|---|
| Longitud fija campo de control | 00858nam a2200253 c 4500 |
| 003 - • IDENTIFICADOR DELl NÚMERO DE CONTROL | |
| Identificador del número de control | CO-ViMGA |
| 005 - • FECHA Y HORA DE LA ÚLTIMA TRANSACCIÓN | |
| Fecha y hora de la última transacción | 20230915233143.0 |
| 008 - • CÓDIGOS DE INFORMACIÓN DE LONGITUD FIJA | |
| Códigos de información de longitud fija | 140310s2014 sp a | |||| 001 0 spa |
| 020 ## - • NÚMERO INTERNACIONAL NORMALIZADO PARA LIBROS | |
| Número Internacional Normalizado para Libros (ISBN) | 9788492837687 |
| 040 ## - FUENTE DE LA CATALOGACIÓN | |
| Centro catalogador de origen | CO-ViMGA |
| Lengua de catalogación | spa |
| Centro transcriptor | CO-ViMGA |
| 082 04 - • NÚMERO DE LA CLASIFICACIÓN DECIMAL DEWEY | |
| Número de clasificación (R) | 920.71 |
| Número del ítem | R62n |
| 100 1# - • PUNTO DE ACCESO PRINCIPAL-NOMBRE DE PERSONA | |
| Nombre de persona | Rocha, Servando |
| Fechas asociadas al nombre | 1974- |
| 245 10 - • TITULO PROPIAMENTE DICHO | |
| Título | Nada es verdad, todo esta permitido : |
| Resto del título | el dia que Kurt Cobain conocio a William Burroughs / |
| Mención de responsabilidad, etc. | Servando Rocha |
| 300 ## - • DESCRIPCIÓN FÍSICA | |
| Extensión | 374 p.: |
| Otras características físicas | il. ; |
| Dimensiones | 21 cm |
| 490 0# - • MENCIÓN DE SERIE | |
| Mención de serie | Heroes modernos ; |
| Designación de volumen o secuencia | 48 |
| 500 ## - • NOTA GENERAL | |
| Nota general | Indice |
| 600 17 - • PUNTO DE ACCESO ADICIONAL DE MATERIA - NOMBRE DE PERSONA | |
| Nombre de persona | Burroughs, William S. |
| Fechas asociadas al nombre | 1914-1997 |
| Subdivisión de materia general (R ) | Critica e interpretacion |
| 600 17 - • PUNTO DE ACCESO ADICIONAL DE MATERIA - NOMBRE DE PERSONA | |
| Nombre de persona | Cobain, Kurt |
| Fechas asociadas al nombre | 1967-1994 |
| 600 17 - • PUNTO DE ACCESO ADICIONAL DE MATERIA - NOMBRE DE PERSONA | |
| Nombre de persona | Subcultura |
| 650 17 - • PUNTO DE ACCESO ADICIONAL DE MATERIA - TÉRMINO DE MATERIA | |
| Término de materia o nombre geográfico como elemento inicial | Contracultura |
| Subdivisión geográfica | Estados Unidos |
| Fuente del encabezamiento o término | embne |
| 942 ## - ENTRADA DE ELEMENTOS AGREGADOS (KOHA) | |
| Fuente de clasificaión o esquema | Dewey Decimal Classification |
| Koha [por defecto] tipo de item | LIbro |
| Perdido | Fuente de clasificación o esquema | Estado Físico | No para préstamo | Forma de adquisición | Localización permanente | Localización actual | Fecha adquisición | Préstamos totales | Signatura completa | Código de barras | Fecha última consulta | Número de copia | Fecha del precio de reemplazo | Tipo de item de Koha |
|---|---|---|---|---|---|---|---|---|---|---|---|---|---|---|
| Dewey Decimal Classification | Sala General Segundo Piso | Biblioteca Pública Germán Arciniegas - Villavicencio | Biblioteca Pública Germán Arciniegas - Villavicencio | 09/02/2016 | 920.71 R62n | 31029 | 09/02/2016 | Ej. 1 | 09/02/2016 | LIbro |